LEADER 01161nam a2200241 i 4500 001 000000131554 003 CaOOAMICUS 005 20250708101848.0 008 041119s1975 it u000 u ita u 013 $a104436 040 $aSeMil$bita 245 10$aDescrizione della Biblioteca, Fondi di Archivio, Attivitą scientifica /$c[Fondazione Giangiacomo Feltrinelli]. 260 $a[S.l. :$bs.n.],$cstampa 1975$e(Milano :$fS.G.S.,$gstampa 1975) 300 $a196 p. :$bill. ;$c29x14 cm. 500 $aFormulazione di responsabilitą ripresa dalla copertina. 650 4$aFondazione Giangiacomo Feltrinelli - Biblioteca.$0(OLS)http://semarc/subject/26488 650 4$aFondazione Giangiacomo Feltrinelli - Archivio.$0(OLS)http://semarc/subject/26489 710 2 $aFondazione Giangiacomo Feltrinelli .$0(OLS)http://semarc/name/6551 850 $aSeMil 852 $aSeMil$W1$xVenegono$y1$m3Y IV 17$j259261$B85531$CSeMilBibl$Z2$F89190 $81 996 $6245$aDescrizione della Biblioteca, Fondi di Archivio, Attivitą scientifica$9(OLS)http://semarc/title/193443 996 $6260$a[S.l. :$bs.n.]$9(OLS)http://semarc/publisher/29751 LEADER 00987nas a2200217 i 4500 001 000000174772 003 CaOOAMICUS 005 20081020000000.0 008 081006b2008 it uu u0 0ita r 013 $a152248 040 $aSeMil$bita 245 10$aSolzenicyn :$bvivere senza menzogna. 260 $aSeriate (BG) :$bRC Edizioni,$c2008. 300 $a106 p. :$bill. ;$c24 cm. 500 $aContiene il testo integrale del volume "Solzenicyn : vivere senza menzogna", pubblicato in occasione della mostra realizzata per la 29. edizione del Meeting per l'amicizia fra i popoli. - Titolo principale dalla copertina. 774 0 $t[vedi periodico].$w()269746 850 $aSeMil 852 $aSeMil$W1$xVenegono$y1$m192 6 101$j125600$B125600$CSeMilBibl$Z2$F136701 $85 961 $aAbbonamento: Centro Editoriale Dehoniano 996 $6245$aSolzenicyn :$bvivere senza menzogna$9(OLS)http://semarc/title/250552 996 $6260$aSeriate (BG) :$bRC Edizioni$9(OLS)http://semarc/publisher/44183